Rozdíly v přísnosti známkování žáků a dopady na vzdělanostní aspirace /

Hlavní autor: Münich, Daniel, 1965-
Korporativní autor: Institut pro demokracii a ekonomickou analýzu (projekt)
Další autoři: Protivínský, Tomáš
Jazyk: Čeština
Vydáno: Praha : Národohospodářský ústav AV ČR, v.v.i., 2022
Edice: Studie (Institut pro demokracii a ekonomickou analýzu)
Témata:
Fyzický popis: 29 stran : barevné ilustrace ; 30 cm
Language note: České a anglické resumé
Knihy
Uloženo v:
LEADER 02005nam a2200505 i 4500
001 nkc20223439864
003 CZ PrNK
005 20221206103553.0
007 ta
008 220803s2022 xr a f 000 0 cze
015 |a cnb003439864 
020 |a 978-80-7344-639-0  |q (brožováno) 
035 |a (OCoLC)1357138845 
040 |a OLA001  |b cze  |e rda 
041 0 |a cze  |b cze  |b eng 
043 |a e-xr--- 
072 7 |a 37.09  |x Organizace výuky a vzdělávání  |2 Konspekt  |9 22 
080 |a 37.091.26/.27  |2 MRF 
080 |a (437.3)  |2 MRF 
080 |a (048.8)  |2 MRF 
100 1 |a Münich, Daniel,  |d 1965-  |7 mzk2003185111  |4 aut 
245 1 0 |a Rozdíly v přísnosti známkování žáků a dopady na vzdělanostní aspirace /  |c Daniel Münich, Tomáš Protivínský 
264 1 |a Praha :  |b Národohospodářský ústav AV ČR, v.v.i.,  |c 2022 
300 |a 29 stran :  |b barevné ilustrace ;  |c 30 cm 
336 |a text  |b txt  |2 rdacontent 
337 |a bez média  |b n  |2 rdamedia 
338 |a svazek  |b nc  |2 rdacarrier 
490 1 |a Studie ;  |v 9/2022 
500 |a Název z obálky 
500 |a Nad názvem: Institut pro demokracii a ekonomickou analýzu, projekt Národohospodářského ústavu AV ČR, v.v.i. 
504 |a Obsahuje bibliografii a bibliografické odkazy 
546 |a České a anglické resumé 
650 0 7 |a hodnocení žáků  |7 ph120775  |z Česko  |2 czenas 
650 0 9 |a evaluation of school children  |z Czechia  |2 eczenas 
655 7 |a studie  |7 fd133597  |2 czenas 
655 9 |a studies  |2 eczenas 
700 1 |a Protivínský, Tomáš  |7 pna2012702524  |4 aut 
710 2 |a Institut pro demokracii a ekonomickou analýzu (projekt)  |7 pna2010602816  |4 res 
830 0 |a Studie (Institut pro demokracii a ekonomickou analýzu)  |0 s 
910 2 |a BOA001  |b 4-1499.051 
928 9 |a Akademie věd České republiky, Národohospodářský ústav 
990 |a BK 
995 |a 01 
991 |b 202212  |c NOV 
996 6 |b 2610921588  |c 4-1499.051  |l MZK  |r Sklad / do 1 hodiny  |n 0  |p p.v.  |w 001905803  |u 000010  |a 1  |e BOA001  |j MZK50  |s P